|
|
|
|
| LEADER |
00000nmm0a2200000 4500 |
| 001 |
7662 |
| 005 |
20231030181258.0 |
| 010 |
|
|
|a 5731500185
|
| 035 |
|
|
|a (RuTPU)RU\TPU\book\7707
|
| 035 |
|
|
|a BOOK00007766
|
| 090 |
|
|
|a 7662
|
| 100 |
|
|
|a 20011209d1997 km y0rusy50 ca
|
| 101 |
1 |
|
|a rus
|c eng
|
| 102 |
|
|
|a UA
|
| 105 |
|
|
|a y z 0 0zy
|
| 200 |
1 |
|
|a Apache
|a Установка и использование
|e пер. с англ.
|f Б. Лори, П. Лори
|
| 210 |
|
|
|a Киев
|c BHV
|d 1997
|
| 215 |
|
|
|a 288 с.
|e Приложение: CD-ROM
|
| 610 |
1 |
|
|a вычислительные сети
|
| 610 |
1 |
|
|a вычислительные комплексы
|
| 610 |
1 |
|
|a WWW
|
| 610 |
1 |
|
|a World Wide Web
|
| 610 |
1 |
|
|a серверы
|
| 610 |
1 |
|
|a Web
|
| 610 |
1 |
|
|a Apache
|
| 610 |
1 |
|
|a компиляция
|
| 610 |
1 |
|
|a инсталляция
|
| 610 |
1 |
|
|a конфигурирование
|
| 610 |
1 |
|
|a модифицирование
|
| 610 |
1 |
|
|a CD-ROM
|
| 675 |
|
|
|a 681.324
|v 3
|
| 700 |
|
1 |
|a Лори
|b Б.
|g Бен
|
| 701 |
|
1 |
|a Лори
|b П.
|g Петер
|
| 801 |
|
0 |
|a RU
|b 63413507
|c 20011209
|g PSBO
|
| 801 |
|
2 |
|a RU
|b 63413507
|c 20150408
|g PSBO
|
| 942 |
|
|
|c MX
|